World atlas of railways
Spremljeno u:
| Format: | Knjiga |
|---|---|
| Jezik: | Undetermined |
| Izdano: |
London
Mitchell Beazley
1978
|
| Teme: | |
| Oznake: |
Dodaj oznaku
Bez oznaka, Budi prvi tko označuje ovaj zapis!
|
| Thư viện lưu trữ: | Trung tâm Học liệu Trường Đại học Cần Thơ |
|---|
| LEADER | 00463nam a2200181Ia 4500 | ||
|---|---|---|---|
| 001 | CTU_104832 | ||
| 008 | 210402s9999 xx 000 0 und d | ||
| 082 | |a 385 | ||
| 082 | |b W927 | ||
| 245 | 0 | |a World atlas of railways | |
| 245 | 0 | |c O. S. Nock ... [et al.] | |
| 260 | |a London | ||
| 260 | |b Mitchell Beazley | ||
| 260 | |c 1978 | ||
| 650 | |a Railroads,Railroads | ||
| 650 | |x Maps | ||
| 904 | |i M.Loan | ||
| 980 | |a Trung tâm Học liệu Trường Đại học Cần Thơ | ||